<?xml version="1.0" encoding="UTF-8"?>
<record
    xmlns:xsi="http://www.w3.org/2001/XMLSchema-instance"
    xsi:schemaLocation="http://www.loc.gov/MARC21/slim http://www.loc.gov/standards/marcxml/schema/MARC21slim.xsd"
    xmlns="http://www.loc.gov/MARC21/slim">

  <leader>00889ngm a2200229 i 4500</leader>
  <controlfield tag="001">C2-0338544</controlfield>
  <controlfield tag="003">PPAK</controlfield>
  <controlfield tag="005">20180727222630.0</controlfield>
  <controlfield tag="008">161108s2003    cau|||| |||||  |  vlchi d</controlfield>
  <datafield tag="040" ind1=" " ind2=" ">
    <subfield code="a">PPAK</subfield>
    <subfield code="b">eng</subfield>
    <subfield code="c">PPAK</subfield>
    <subfield code="e">rda</subfield>
  </datafield>
  <datafield tag="245" ind1="1" ind2="0">
    <subfield code="a">Hero</subfield>
  </datafield>
  <datafield tag="264" ind1=" " ind2="1">
    <subfield code="a">California ; [Ampang, Selangor] : </subfield>
    <subfield code="b">Twentieth Century Fox Home; [Distributed in Malaysia by Movie Magic Sdn. Bhd.] , </subfield>
    <subfield code="c">2003</subfield>
  </datafield>
  <datafield tag="336" ind1=" " ind2=" ">
    <subfield code="2">rdacontent</subfield>
    <subfield code="a">text</subfield>
  </datafield>
  <datafield tag="337" ind1=" " ind2=" ">
    <subfield code="2">rdamedia</subfield>
    <subfield code="a">unmediated</subfield>
  </datafield>
  <datafield tag="338" ind1=" " ind2=" ">
    <subfield code="2">rdacarrier</subfield>
    <subfield code="a">volume</subfield>
  </datafield>
  <datafield tag="500" ind1=" " ind2=" ">
    <subfield code="a">Originally released as motion picture in 2002. ; Special features : Documentary - Hero defined, cast &amp; crew interviews behind the scences, Hero press conference in Beijing, photo gallery, Hero international trailer, Happy Times trai</subfield>
  </datafield>
  <datafield tag="700" ind1=" " ind2=" ">
    <subfield code="e">author</subfield>
  </datafield>
  <datafield tag="700" ind1="1" ind2=" ">
    <subfield code="a">Zhang, Yimou, </subfield>
    <subfield code="e">compile</subfield>
  </datafield>
  <datafield tag="700" ind1="1" ind2=" ">
    <subfield code="a">Lam, Angie, </subfield>
    <subfield code="e">editor</subfield>
  </datafield>
  <datafield tag="700" ind1="1" ind2=" ">
    <subfield code="a">Zhai, Ru</subfield>
    <subfield code="e">editor</subfield>
  </datafield>
  <datafield tag="942" ind1=" " ind2=" ">
    <subfield code="2">ddc</subfield>
    <subfield code="c">DVD</subfield>
  </datafield>
  <datafield tag="999" ind1=" " ind2=" ">
    <subfield code="c">167908</subfield>
    <subfield code="d">167908</subfield>
  </datafield>
  <datafield tag="952" ind1=" " ind2=" ">
    <subfield code="0">0</subfield>
    <subfield code="1">0</subfield>
    <subfield code="2">ddc</subfield>
    <subfield code="4">0</subfield>
    <subfield code="7">0</subfield>
    <subfield code="a">PPAK</subfield>
    <subfield code="b">PPAK</subfield>
    <subfield code="c">G</subfield>
    <subfield code="d">2016-11-14</subfield>
    <subfield code="e">GI</subfield>
    <subfield code="g">31.30</subfield>
    <subfield code="l">0</subfield>
    <subfield code="o">791.4372 ZHA</subfield>
    <subfield code="p">A01500085</subfield>
    <subfield code="r">2018-07-05 00:00:00</subfield>
    <subfield code="v">31.30</subfield>
    <subfield code="w">2018-07-05</subfield>
    <subfield code="y">DVD</subfield>
  </datafield>
</record>
